000 00511nam a2200181Ia 4500
008 100917s9999 xx 000 0 und d
082 _b2936
100 _aउपासक दत्तात्रय रंगनाथ
245 _aपानपतचा फटका
260 _b---
_c1919
300 _a11
365 _b0
520 _aकविता
630 _aपानपतचा फटका
650 _aकविता
730 _aपानपतचा फटका
942 _cBOOK
999 _c608330
_d608327